|
|
|
|
| LEADER |
00000cam a2200000 4500 |
| 001 |
vtls012273029 |
| 003 |
SK-MaSNL |
| 005 |
20260331212528.0 |
| 008 |
250311s2024 xo o g 010 0 slo |
| 015 |
|
|
|a SNBA2025/04
|
| 020 |
|
|
|a 9788057061922
|q (brožované)
|
| 040 |
|
|
|a SNK
|b slo
|c SNK
|e rda
|
| 041 |
0 |
|
|a slo
|
| 044 |
|
|
|a xo
|c SK
|
| 072 |
|
7 |
|a 27-5
|x Liturgia. Kresťanské umenie a symbolika. Duchovný život
|2 konspekt
|
| 080 |
|
|
|a 27-534.35
|2 2011
|
| 080 |
|
|
|a (0:82-97)
|2 2011
|
| 080 |
|
|
|a (0:82-192)
|2 2011
|
| 100 |
1 |
|
|a Matijová, Mária,
|d 1970-
|4 com
|9 242925
|
| 245 |
1 |
0 |
|a Levočský pútnik
|b modlitby a pútnické piesne
|c spracovala: Mária Matijová
|
| 250 |
|
|
|a 1. vydanie
|
| 264 |
|
1 |
|a [Lipany]
|b Pálium n.o.
|c 2024
|
| 300 |
|
|
|a 192 strán
|b fotografie
|c 15 cm
|
| 336 |
|
|
|a text
|b txt
|2 rdacontent
|
| 336 |
|
|
|a statický obraz
|b sti
|2 rdacontent
|
| 337 |
|
|
|a bez média
|b n
|2 rdamedia
|
| 338 |
|
|
|a zväzok
|b nc
|2 rdacarrier
|
| 500 |
|
|
|a Miesto vydania podľa NA ISBN
|
| 650 |
0 |
7 |
|a kresťanské modlitby
|2 SNKPH
|9 2006
|
| 650 |
0 |
7 |
|a Christian prayers
|2 SNKPHeng
|9 267714
|
| 655 |
|
7 |
|a modlitby
|2 SNKPH
|9 70550
|
| 655 |
|
7 |
|a Prayers
|2 SNKPHeng
|9 291214
|
| 655 |
|
7 |
|a spevníky
|2 SNKPH
|9 70506
|
| 655 |
|
7 |
|a Songbooks
|2 SNKPHeng
|9 288744
|
| 700 |
1 |
|
|a Korba, Miloslav
|4 bkd
|9 625261
|
| 852 |
|
|
|a Slovenská národná knižnica
|
| 919 |
|
|
|a 978-80-570-6192-2
|
| 954 |
|
|
|a duchovná literatúra pôvodná (slovenská)
|2 lita
|
| 958 |
|
|
|a NT
|
| 999 |
|
|
|c 960482
|d 962412
|
| 952 |
|
|
|a SNK
|b SNK
|y PREZ
|7 0
|p 17A1562447
|o snkSE 14364
|i snk2025/4378
|8 0
|0 0
|1 0
|4 0
|d 2025-03-11
|f 1
|l 0
|r 2026-02-24 10:17:22
|w 2026-02-24
|